Makroekonomické ukazovatele ako indikátory vývoja ekonomiky Slovenska diplomová práca
Saved in:
| Main Author: | |
|---|---|
| Corporate Author: | |
| Other Authors: | |
| Format: | Book |
| Language: | Slovak |
| Published: |
Košice
2009
|
| Tags: |
No Tags, Be the first to tag this record!
|
MARC
| LEADER | 00000nam$a2200000$$$4500 | ||
|---|---|---|---|
| 001 | 0098762 | ||
| 005 | 20240827092520.0 | ||
| 041 | 0 | |a slo | |
| 044 | |a SK | ||
| 245 | 1 | 0 | |a Makroekonomické ukazovatele ako indikátory vývoja ekonomiky Slovenska |b diplomová práca |c Magdaléna Baldovská ; škol. Mária Farkašovská |
| 264 | 1 | |a Košice |c 2009 | |
| 300 | |a 87 s. | ||
| 100 | 1 | |a Baldovská, Magdaléna | |
| 700 | 1 | |a Farkašovská, Mária | |
| 710 | 2 | |a Podnikovohospodárska fakulta EU so sídlom v Košiciach. Katedra ekonómie | |